Безопасность работы на компьютере: Методические рекомендации; Иллюстративный материал к лекции

書目詳細資料
其他作者: Гетия И. Г. (составитель)
語言:俄语
出版: Москва, Профессионал - Ф, 2001
主題:
格式: 圖書
KOHA link:https://koha.lib.tpu.ru/cgi-bin/koha/opac-detail.pl?biblionumber=58826

MARC

LEADER 00000nam0a2200000 4500
001 58826
005 20231031055400.0
035 |a (RuTPU)RU\TPU\book\62144 
090 |a 58826 
100 |a 20031208d2001 m y0rusy50 ca 
101 0 |a rus 
102 |a RU 
105 |a a j 001zy 
200 1 |a Безопасность работы на компьютере  |e Методические рекомендации  |e Иллюстративный материал к лекции  |f сост. И. Г. Гетия 
210 |a Москва  |c Профессионал - Ф  |d 2001 
215 |a 18 с.  |c ил. 
320 |a Библиогр.: с. 18 
610 1 |a информатика 
610 1 |a компьютеры 
610 1 |a работа 
610 1 |a безопасность 
610 1 |a опасные факторы 
610 1 |a вредные факторы 
610 1 |a утомление 
610 1 |a физические упражнения 
610 1 |a иллюстративный материал 
675 |a 681.3.067(076)  |v 3 
702 1 |a Гетия  |b И. Г.  |4 220 
801 1 |a RU  |b 63413507  |c 20031208  |g PSBO 
801 2 |a RU  |b 63413507  |c 20040105  |g PSBO 
942 |c BK